Minhajul `abidin (jalan bagi ahli ibadah)

Bibliographic Details
Main Authors: غزالي , 1058-1111 (Author), Nuh, Abdullah (Author)
Format: Book
Published: Bogor : Majlis Ta`lim al-Ihya , [1979]
Subjects:

MARC

LEADER 00000cam a2200000 7i4500
001 0000007586
005 20180702093000.0
090 0 0 |a BP189.3   |b .G3 
100 0 |a غزالي ,   |d 1058-1111 ,   |e author 
245 1 0 |a Minhajul `abidin (jalan bagi ahli ibadah)   |c Abu Hamid Muhammad bin Muhammad bin Muhammad al-Ghazali ; terjemahan Abdullah bin Nuh 
260 2 |a Bogor :   |b Majlis Ta`lim al-Ihya ,   |c [1979] 
300 |a 373 p. ;   |c 22 cm. 
650 0 |a Sufism 
700 0 |a Nuh, Abdullah ,   |e author 
999 |a 1000072400   |b Book   |c OPEN SHELF (30 DAYS)   |e Gong Badak Campus 
999 |a 1000077688   |b Book   |c OPEN SHELF (30 DAYS)   |e Gong Badak Campus